[Event "FRA-chT3 Gr12 0304"]
[Site "Loire"]
[Date "2003.10.12"]
[Round "1.4"]
[White "Bonnamour, Matthieu"]
[Black "Dequidt, Adrien"]
[Result "1/2-1/2"]
[WhiteElo "2049"]
[BlackElo "1900"]
[PlyCount "111"]
[EventDate "2003.10.12"]
[EventType "team"]
[EventRounds "9"]
[EventCountry "FRA"]
[SourceTitle "EXT 2008"]
[Source "ChessBase"]
[SourceDate "2007.11.25"]
[SourceVersion "1"]
[SourceVersionDate "2007.11.25"]
[SourceQuality "1"]

1. e4 e5 2. Nf3 d6 3. d4 Nd7 4. Bc4 c6 5. 0-0 Be7 6. dxe5 dxe5 7. Ng5 Bxg5 8. Qh5 Qf6 9. Bxg5 Qg6 10. Qxg6 hxg6 11. Be3 Ngf6 12. f3 Nf8 13. Nd2 Be6 14. Rfd1 b6 15. Bf1 N8d7 16. a4 0-0 17. b4 Rfc8 18. Bc4 Nf8 19. Bxe6 Nxe6 20. Nc4 c5 21. bxc5 Nxc5 22. Nxe5 Nb7 23. Rd2 Re8 24. Nc6 Nd8 25. Nxd8 Raxd8 26. Rxd8 Rxd8 27. a5 Rc8 28. axb6 axb6 29. Ra2 b5 30. Rb2 Rc4 31. Kf2 Nd7 32. Ke2 Rc8 33. Bd4 f6 34. Kd2 Rb8 35. Rb4 Kf7 36. Rb2 Ke6 37. Ra2 g5 38. Ra6+ Kf7 39. Ra7 Ke6 40. Ra6+ Kf7 41. h3 Rb7 42. Rc6 Ke7 43. Kc3 Nb8 44. Rb6 Rxb6 45. Bxb6 Nc6 46. Bc7 Ke6 47. g3 Kd7 48. Bb6 Ne5 49. f4 gxf4 50. gxf4 Nc6 51. Bc5 Ke6 52. Kd3 Kf7 53. c4 bxc4+ 54. Kxc4 Ke6 55. h4 f5 56. e5 1/2-1/2